| Tag |
First Indicator |
Second Indicator |
Subfields |
| LEADER |
00000nam a2200000 i 4500 |
| 001 |
in00005616921 |
| 008 |
250214s1960 maua 2 000 0 eng d |
| 005 |
20250214205112.6 |
| 035 |
|
|
|a (OCoLC)on1499623724
|
| 040 |
|
|
|a TXA
|b eng
|e rda
|c TXA
|
| 035 |
|
|
|a (OCoLC)1499623724
|
| 043 |
|
|
|a n-usu--
|
| 050 |
|
4 |
|a E185.61
|b .S53 1960
|
| 100 |
1 |
|
|a Shannon, William V.,
|d 1927-1988,
|e author.
|1 https://id.oclc.org/worldcat/entity/E39PBJtMrtVFjWKHHW9fYwqmh3
|
| 245 |
1 |
0 |
|a Sitdowns in the South /
|c by William V. Shannon.
|
| 264 |
|
1 |
|a Cambridge, Massachusetts :
|b EPIC, Emergency Public Integration Committee of Boston,
|c [1960?]
|
| 300 |
|
|
|a 8 unnumbered pages :
|b illustrations ;
|c 42 cm
|
| 336 |
|
|
|a text
|b txt
|2 rdacontent
|
| 337 |
|
|
|a unmediated
|b n
|2 rdamedia
|
| 338 |
|
|
|a volume
|b nc
|2 rdacarrier
|
| 500 |
|
|
|a Cover title.
|
| 500 |
|
|
|a "An on the scene report reprinted from the New York post (March 28-April 3, 1960)."
|
| 650 |
|
0 |
|a Civil rights demonstrations
|z Southern States.
|
| 650 |
|
0 |
|a African Americans
|x Segregation
|z Southern States.
|
| 651 |
|
0 |
|a Southern States
|x Race relations.
|
| 710 |
2 |
|
|a Emergency Public Integration Committee (Boston, Mass.),
|e issuing body.
|
| 730 |
0 |
|
|a New York post.
|
| 994 |
|
|
|a Z0
|b TXA
|
| 948 |
|
|
|h HELD BY TXA - 0 OTHER HOLDINGS
|
| 999 |
f |
f |
|s e91523e9-03a5-4829-a458-b0e55aba9f6d
|i 7931e045-ad9a-4f42-9d60-d0483c8e4ab5
|t 0
|
| 952 |
f |
f |
|p noncirc
|a Texas A&M University
|b College Station
|c Cushing Memorial Library & Archives
|d Cushing: Area Studies/Africana (Does not check out)
|t 0
|e E185.61 .S53 1960
|f Flat File
|h Library of Congress classification
|i unmediated -- sheet
|m A14853377128
|
| 998 |
f |
f |
|a E185.61 .S53 1960
|t 0
|l Cushing: Area Studies/Africana (Does not check out)
|